[Event "GBR-ch111 Major Open"]
[Site "Liverpool"]
[Date "2025.08.03"]
[Round "2.61"]
[White "Cann, Arthur"]
[Black "Gorskovs, Andrejs"]
[Result "1-0"]
[WhiteElo "1677"]
[BlackElo "1844"]
[PlyCount "59"]
[EventDate "2025.08.02"]
[EventType "swiss"]
[EventRounds "9"]
[EventCountry "GBR"]
[SourceTitle "BritBase"]
[Source "John Saunders"]
[SourceDate "2025.08.11"]
[SourceVersion "1"]
[SourceVersionDate "2025.08.11"]
[SourceQuality "1"]

1. d4 Nf6 2. c4 e6 3. Nf3 b6 4. Nc3 Bb4 5. Qc2 Bb7 6. Bg5 c5 7. e3 h6 8. Bxf6 Qxf6 9. Be2 O-O 10. O-O cxd4 11. exd4 d5 12. cxd5 Bxc3 13. bxc3 Bxd5 14. Ne5 Nc6 15. f4 Nxe5 16. fxe5 Qg5 17. Bf3 Qe3+ 18. Kh1 Rac8 19. Bxd5 exd5 20. Rac1 Rc7 21. Rf3 Qg5 22. Rcf1 Rfc8 23. Rg3 Qh5 24. Rff3 Rc4 25. Qd2 b5 26. h3 R8c6 27. Qf2 b4 28. Rf5 Qd1+ 29. Kh2 Rxc3 30. Rxg7+ 1-0

[Event "GBR-ch111 Major Open"]
[Site "Liverpool"]
[Date "2025.08.03"]
[Round "2.62"]
[White "Swiatkowski, Dominik"]
[Black "Blin, Henri"]
[Result "1-0"]
[WhiteElo "1843"]
[BlackElo "1704"]
[PlyCount "103"]
[EventDate "2025.08.02"]
[EventType "swiss"]
[EventRounds "9"]
[EventCountry "GBR"]
[SourceTitle "BritBase"]
[Source "John Saunders"]
[SourceDate "2025.08.11"]
[SourceVersion "1"]
[SourceVersionDate "2025.08.11"]
[SourceQuality "1"]

1. e4 c5 2. Nf3 d6 3. Bb5+ Bd7 4. Bxd7+ Qxd7 5. c4 Nf6 6. Nc3 g6 7. O-O Bg7 8. d4 cxd4 9. Nxd4 Nc6 10. f3 O-O 11. Be3 Rac8 12. b3 Rfd8 13. Qd2 e6 14. Rad1 d5 15. cxd5 exd5 16. Nxc6 bxc6 17. e5 Ne8 18. f4 Qb7 19. Bc5 Nc7 20. Na4 f6 21. Be7 fxe5 22. Bxd8 Rxd8 23. fxe5 Ne6 24. Rde1 Qc7 25. Qe3 c5 26. Nb2 Qb7 27. Nd3 Rc8 28. Qf2 Rf8 29. Qh4 Re8 30. Qg4 Qb6 31. Kh1 Qb5 32. Qf3 Qd7 33. Qg4 Qb5 34. Qf3 Qd7 35. Qe3 Rc8 36. Rc1 Qb5 37. Qh3 Re8 38. Rcd1 Qb7 39. Qg4 Qc6 40. Rde1 Qa6 41. Qf3 Qb7 42. Nf4 Rf8 43. Qxd5 Qxd5 44. Nxd5 Re8 45. Nf6+ Bxf6 46. exf6 Kf7 47. Rd1 Nd4 48. Rde1 Rxe1 49. Rxe1 Kxf6 50. Re8 h5 51. Ra8 Nb5 52. Rc8 1-0

[Event "GBR-ch111 Major Open"]
[Site "Liverpool"]
[Date "2025.08.03"]
[Round "2.63"]
[White "Munshi, Aryan"]
[Black "Ranasinghe, Chaniru"]
[Result "1/2-1/2"]
[WhiteElo "1841"]
[BlackElo "1642"]
[PlyCount "131"]
[EventDate "2025.08.02"]
[EventType "swiss"]
[EventRounds "9"]
[EventCountry "GBR"]
[SourceTitle "BritBase"]
[Source "John Saunders"]
[SourceDate "2025.08.11"]
[SourceVersion "1"]
[SourceVersionDate "2025.08.11"]
[SourceQuality "1"]

1. d4 Nf6 2. c4 g6 3. Nc3 Bg7 4. e4 d6 5. Nge2 O-O 6. Ng3 e5 7. d5 Nbd7 8. Be2 Ne8 9. Qc2 Nb6 10. Bd3 Nd7 11. h4 Nc5 12. h5 Nxd3+ 13. Qxd3 Nf6 14. f3 c6 15. Be3 cxd5 16. cxd5 Ne8 17. hxg6 fxg6 18. O-O-O Bd7 19. Qd2 b5 20. Kb1 a5 21. Nce2 a4 22. Ng1 Qa5 23. Qxa5 Rxa5 24. Bd2 Ra8 25. Bb4 Rf6 26. Rc1 Rc8 27. Rxc8 Bxc8 28. N1e2 Rf7 29. Rc1 Bd7 30. Rc3 Bh6 31. Nf1 Bf8 32. Kc2 Be7 33. Ba5 Rf8 34. b3 Nf6 35. bxa4 bxa4 36. Ne3 Rc8 37. Rxc8+ Bxc8 38. Nc3 Bd7 39. Nc4 Nh5 40. Bb4 Nf4 41. g3 Nh3 42. Nxe5 dxe5 43. Bxe7 Ng1 44. f4 exf4 45. gxf4 Nh3 46. Bd6 h5 47. Kd2 Kf7 48. Ke3 g5 49. fxg5 Nxg5 50. e5 h4 51. e6+ Nxe6 52. dxe6+ Kxe6 53. Bh2 Kf5 54. Kd4 Ke6 55. a3 Bc6 56. Ne2 Bd7 57. Nf4+ Kf5 58. Nd3 Bb5 59. Ne5 Ke6 60. Kc5 Be8 61. Nf3 Kd7 62. Nxh4 Bf7 63. Nf5 Bb3 64. Nd4 Kc8 65. Kb4 Kb7 66. Ne2 1/2-1/2

[Event "GBR-ch111 Major Open"]
[Site "Liverpool"]
[Date "2025.08.03"]
[Round "2.64"]
[White "Richmond, Frank"]
[Black "Raj Konwar, Daryan"]
[Result "1-0"]
[WhiteElo "1836"]
[BlackElo "1572"]
[PlyCount "67"]
[EventDate "2025.08.02"]
[EventType "swiss"]
[EventRounds "9"]
[EventCountry "GBR"]
[SourceTitle "BritBase"]
[Source "John Saunders"]
[SourceDate "2025.08.11"]
[SourceVersion "1"]
[SourceVersionDate "2025.08.11"]
[SourceQuality "1"]

1. e4 c5 2. Nf3 Nc6 3. Bb5 e6 4. Bxc6 bxc6 5. d3 Nf6 6. Nc3 Be7 7. O-O Qc7 8. Bg5 Ng8 9. Qd2 h6 10. Bf4 d6 11. e5 d5 12. d4 Ba6 13. Rfe1 Rb8 14. dxc5 Bxc5 15. Na4 Be7 16. Rab1 c5 17. a3 Qc6 18. Nc3 c4 19. Nd4 Qd7 20. Nf5 g5 21. Nxe7 Nxe7 22. Be3 Ng6 23. Qd4 Ra8 24. Ne2 Qc7 25. f4 g4 26. f5 exf5 27. Ng3 Qd7 28. Nh5 Qe6 29. Ng7+ Ke7 30. Nxe6 fxe6 31. Qc5+ Kf7 32. Qc6 Rad8 33. Qxa6 Nxe5 34. Bd4 1-0

[Event "GBR-ch111 Major Open"]
[Site "Liverpool"]
[Date "2025.08.03"]
[Round "2.65"]
[White "Pleimling, Luc"]
[Black "Kendall, Arthur"]
[Result "0-1"]
[WhiteElo "1664"]
[BlackElo "1826"]
[PlyCount "96"]
[EventDate "2025.08.02"]
[EventType "swiss"]
[EventRounds "9"]
[EventCountry "GBR"]
[SourceTitle "BritBase"]
[Source "John Saunders"]
[SourceDate "2025.08.11"]
[SourceVersion "1"]
[SourceVersionDate "2025.08.11"]
[SourceQuality "1"]

1. d4 Nf6 2. Nf3 g6 3. g3 Bg7 4. Bg2 O-O 5. O-O d6 6. b3 c5 7. Bb2 cxd4 8. Nxd4 a6 9. c4 Qc7 10. Nc3 e6 11. e3 Rd8 12. Rc1 Nc6 13. a3 Ne7 14. Qe2 Rb8 15. Rfd1 Qd7 16. b4 b6 17. b5 a5 18. Na4 Qc7 19. Nc3 Bb7 20. e4 Nd7 21. Na4 Nc5 22. Nxc5 dxc5 23. Nf3 Bxb2 24. Qxb2 Bxe4 25. Qf6 Bxf3 26. Bxf3 Nf5 27. h4 Qe7 28. Qxe7 Nxe7 29. g4 Kf8 30. Kg2 f6 31. Be2 e5 32. Bd3 Rd4 33. f3 Rbd8 34. Be2 Nc8 35. Kf2 Ke7 36. Rxd4 Rxd4 37. Rd1 h6 38. Ke3 Nd6 39. Rxd4 cxd4+ 40. Kd3 Nb7 41. Bd1 Kd6 42. g5 hxg5 43. hxg5 fxg5 44. Ke2 g4 45. Kf2 gxf3 46. Kxf3 Kc5 47. Ke4 Nd6+ 48. Kxe5 Nxc4+ 0-1

[Event "GBR-ch111 Major Open"]
[Site "Liverpool"]
[Date "2025.08.03"]
[Round "2.66"]
[White "Walker, Elmira"]
[Black "Ding, Yihua"]
[Result "1-0"]
[WhiteElo "1813"]
[BlackElo "1536"]
[PlyCount "89"]
[EventDate "2025.08.02"]
[EventType "swiss"]
[EventRounds "9"]
[EventCountry "GBR"]
[SourceTitle "BritBase"]
[Source "John Saunders"]
[SourceDate "2025.08.11"]
[SourceVersion "1"]
[SourceVersionDate "2025.08.11"]
[SourceQuality "1"]

1. e4 c5 2. Nf3 d6 3. d4 cxd4 4. Nxd4 Nf6 5. Nc3 a6 6. Be2 e6 7. O-O Be7 8. Be3 O-O 9. Re1 b5 10. a3 Bb7 11. f3 Nbd7 12. Rc1 Rc8 13. Na2 Ne5 14. Nb4 d5 15. exd5 Nxd5 16. Nxd5 Bxd5 17. Bf2 Bb7 18. Bxb5 Nxf3+ 19. Nxf3 Qxd1 20. Rexd1 Bxf3 21. gxf3 axb5 22. c3 h6 23. Rd7 Bg5 24. Rcd1 Rfd8 25. Bg3 Rxd7 26. Rxd7 Rd8 27. Rxd8+ Bxd8 28. Bd6 Bg5 29. b3 f5 30. c4 bxc4 31. bxc4 Kf7 32. c5 Be7 33. a4 e5 34. a5 e4 35. fxe4 fxe4 36. a6 Bxd6 37. cxd6 e3 38. a7 e2 39. Kf2 Ke6 40. a8=Q g5 41. Qc6 Kf5 42. Kxe2 h5 43. d7 h4 44. d8=Q Kg4 45. Qf3# 1-0

[Event "GBR-ch111 Major Open"]
[Site "Liverpool"]
[Date "2025.08.03"]
[Round "2.67"]
[White "Ursu, Alexander"]
[Black "Hanlon, Shay"]
[Result "1/2-1/2"]
[WhiteElo "1636"]
[BlackElo "1809"]
[PlyCount "63"]
[EventDate "2025.08.02"]
[EventType "swiss"]
[EventRounds "9"]
[EventCountry "GBR"]
[SourceTitle "BritBase"]
[Source "John Saunders"]
[SourceDate "2025.08.11"]
[SourceVersion "1"]
[SourceVersionDate "2025.08.11"]
[SourceQuality "1"]

1. d4 Nf6 2. c4 Nc6 3. Nf3 e6 4. Nc3 Bb4 5. Bd2 O-O 6. e3 d6 7. Bd3 e5 8. d5 Ne7 9. e4 a5 10. O-O Ng6 11. Rc1 h6 12. a3 Bc5 13. Re1 Ng4 14. Rf1 Bd7 15. h3 Nf6 16. Qb3 a4 17. Qd1 Nh7 18. Be2 f5 19. exf5 Nh4 20. Ne4 Nxf3+ 21. Bxf3 Bd4 22. Bc3 Bxc3 23. Rxc3 Bxf5 24. Ng3 b6 25. Nxf5 Rxf5 26. Re1 Ng5 27. Bg4 Rf4 28. Qc2 Qf8 29. Bd7 Qf6 30. Rce3 Rf8 31. R1e2 Nh7 32. Bxa4 1/2-1/2

[Event "GBR-ch111 Major Open"]
[Site "Liverpool"]
[Date "2025.08.03"]
[Round "2.68"]
[White "Barton, Will"]
[Black "Mittal, Advik"]
[Result "1-0"]
[WhiteElo "1580"]
[BlackElo "1806"]
[PlyCount "57"]
[EventDate "2025.08.02"]
[EventType "swiss"]
[EventRounds "9"]
[EventCountry "GBR"]
[SourceTitle "BritBase"]
[Source "John Saunders"]
[SourceDate "2025.08.11"]
[SourceVersion "1"]
[SourceVersionDate "2025.08.11"]
[SourceQuality "1"]

1. e4 e5 2. Nf3 Nc6 3. Bb5 Nf6 4. O-O Nxe4 5. d4 Nd6 6. Bxc6 dxc6 7. dxe5 Nf5 8. Qxd8+ Kxd8 9. Nc3 h6 10. Rd1+ Ke8 11. h3 a6 12. Bf4 Be6 13. a3 Bc5 14. Rd2 Ke7 15. g4 g5 16. gxf5 Bxf5 17. Bh2 Rhg8 18. Kh1 b5 19. Rad1 b4 20. axb4 Bxb4 21. Nd4 Bd7 22. Rd3 c5 23. Nd5+ Kf8 24. Nxb4 cxd4 25. Rxd4 c5 26. Rxd7 cxb4 27. Rb7 a5 28. Rdd7 Rg7 29. e6 1-0

[Event "GBR-ch111 Major Open"]
[Site "Liverpool"]
[Date "2025.08.04"]
[Round "3.1"]
[White "Terler, Bohdan"]
[Black "Raju, Sooraj Menothuparam"]
[Result "1-0"]
[WhiteElo "1974"]
[BlackElo "2119"]
[PlyCount "109"]
[EventDate "2025.08.02"]
[EventType "swiss"]
[EventRounds "9"]
[EventCountry "GBR"]
[SourceTitle "BritBase"]
[Source "John Saunders"]
[SourceDate "2025.08.11"]
[SourceVersion "1"]
[SourceVersionDate "2025.08.11"]
[SourceQuality "1"]

1. e4 Nf6 2. e5 Nd5 3. d4 d6 4. c4 Nb6 5. f4 dxe5 6. fxe5 Bf5 7. Nc3 e6 8. Be3 Bb4 9. Nf3 c5 10. a3 Bxc3+ 11. bxc3 Nc6 12. Be2 O-O 13. O-O Rc8 14. Rc1 Na5 15. Nd2 Bg6 16. Qe1 Qe7 17. Rf3 cxd4 18. cxd4 Qxa3 19. d5 Qb2 20. d6 Qxe5 21. c5 Nd5 22. Bf2 Nf4 23. Bf1 Qxe1 24. Rxe1 Nd5 25. Ra1 b6 26. Rxa5 bxa5 27. Ra3 e5 28. Nc4 e4 29. Rxa5 f5 30. Ne5 e3 31. Bc4 exf2+ 32. Kxf2 Bf7 33. Nxf7 Kxf7 34. Bxd5+ Kf6 35. c6 Rfd8 36. d7 Rc7 37. Bf3 Ke6 38. Ra1 a5 39. Rxa5 Kd6 40. Ra6 Kc5 41. Ra1 f4 42. Rd1 Ra7 43. Ra1 Rxa1 44. c7 Ra2+ 45. Be2 Raa8 46. Bg4 h5 47. c8=Q+ Kd6 48. Bf5 g6 49. Bh3 g5 50. Bf5 Raxc8 51. dxc8=Q Rxc8 52. Bxc8 g4 53. h3 f3 54. hxg4 fxg2 55. g5 1-0

[Event "GBR-ch111 Major Open"]
[Site "Liverpool"]
[Date "2025.08.04"]
[Round "3.2"]
[White "Kolani, Arjun"]
[Black "Vaddhireddy, Sai"]
[Result "1-0"]
[WhiteElo "2118"]
[BlackElo "1972"]
[PlyCount "75"]
[EventDate "2025.08.02"]
[EventType "swiss"]
[EventRounds "9"]
[EventCountry "GBR"]
[SourceTitle "BritBase"]
[Source "John Saunders"]
[SourceDate "2025.08.11"]
[SourceVersion "1"]
[SourceVersionDate "2025.08.11"]
[SourceQuality "1"]

1. e4 c6 2. d4 d5 3. Nd2 dxe4 4. Nxe4 Nf6 5. Nxf6+ exf6 6. c3 Bd6 7. Bd3 O-O 8. Ne2 Re8 9. Qc2 f5 10. Bxf5 Bxf5 11. Qxf5 Nd7 12. Be3 Nb6 13. O-O Nc4 14. b3 g6 15. Qf3 Nxe3 16. fxe3 f5 17. Rad1 Qg5 18. Rd3 Re4 19. Nf4 Rae8 20. g3 Qe7 21. Ng2 c5 22. Rfd1 b5 23. d5 Qb7 24. Qe2 R8e5 25. Qc2 c4 26. Rd4 Rxd4 27. cxd4 Rxd5 28. bxc4 bxc4 29. Qxc4 Qb5 30. Qc8+ Kg7 31. Rc1 Ba3 32. Rc7+ Kh6 33. Nf4 Qb1+ 34. Kf2 Rb5 35. Qg8 Rb2+ 36. Ne2 Rxe2+ 37. Kxe2 Qb5+ 38. Kf2 1-0

[Event "GBR-ch111 Major Open"]
[Site "Liverpool"]
[Date "2025.08.04"]
[Round "3.3"]
[White "Welling, Zac"]
[Black "Nelson, Jonathan P"]
[Result "1/2-1/2"]
[WhiteElo "1970"]
[BlackElo "2114"]
[PlyCount "47"]
[EventDate "2025.08.02"]
[EventType "swiss"]
[EventRounds "9"]
[EventCountry "GBR"]
[SourceTitle "BritBase"]
[Source "John Saunders"]
[SourceDate "2025.08.11"]
[SourceVersion "1"]
[SourceVersionDate "2025.08.11"]
[SourceQuality "1"]

1. e4 d6 2. d4 Nf6 3. Nc3 g6 4. Bg5 h6 5. Be3 c6 6. h3 b5 7. Bd3 Nbd7 8. Nf3 e5 9. O-O Bg7 10. Qd2 Kf8 11. Ne2 a6 12. c3 Kg8 13. Ng3 Kh7 14. a4 Rb8 15. Rfe1 Re8 16. a5 Bb7 17. Bc2 Qe7 18. Rad1 Bf8 19. Qc1 Rbc8 20. Nh2 Ng8 21. Nf3 Ngf6 22. Nh2 Ng8 23. Nf3 Ngf6 24. Nh2 1/2-1/2

[Event "GBR-ch111 Major Open"]
[Site "Liverpool"]
[Date "2025.08.04"]
[Round "3.4"]
[White "Brown, Tom"]
[Black "Nicholas, Koichi B"]
[Result "0-1"]
[WhiteElo "1961"]
[BlackElo "2091"]
[PlyCount "92"]
[EventDate "2025.08.02"]
[EventType "swiss"]
[EventRounds "9"]
[EventCountry "GBR"]
[SourceTitle "BritBase"]
[Source "John Saunders"]
[SourceDate "2025.08.11"]
[SourceVersion "1"]
[SourceVersionDate "2025.08.11"]
[SourceQuality "1"]

1. d4 d5 2. c4 dxc4 3. Nf3 Nf6 4. e3 e6 5. Bxc4 a6 6. O-O c5 7. dxc5 Bxc5 8. Qxd8+ Kxd8 9. Be2 Ke7 10. Nbd2 Bd7 11. b3 Bb5 12. Nc4 Nc6 13. Bb2 Ne8 14. Rfc1 f6 15. Ne1 Nd6 16. Nd3 Bxc4 17. bxc4 b6 18. Bf3 Rac8 19. Nxc5 bxc5 20. Ba3 Nb4 21. Bxb4 cxb4 22. c5 Nb5 23. Bb7 Rc7 24. Bxa6 Nc3 25. a3 Ra8 26. Bd3 Rca7 27. a4 Rxa4 28. Rxa4 Rxa4 29. g3 Ra3 30. Kg2 h6 31. Rc2 Ra2 32. Rc1 e5 33. Bc4 Ra5 34. Bd3 Kd7 35. Rc2 Kc6 36. Rd2 Ra2 37. Rxa2 Nxa2 38. Kf1 Kxc5 39. Ke1 b3 40. Kd2 Kb4 41. f4 Nc3 42. fxe5 fxe5 43. g4 b2 44. h4 e4 45. Bc2 b1=Q 46. Bxb1 Nxb1+ 0-1

[Event "GBR-ch111 Major Open"]
[Site "Liverpool"]
[Date "2025.08.04"]
[Round "3.5"]
[White "Rushbrooke, Remy"]
[Black "Skettos, Nicolas"]
[Result "1-0"]
[WhiteElo "2090"]
[BlackElo "1968"]
[PlyCount "79"]
[EventDate "2025.08.02"]
[EventType "swiss"]
[EventRounds "9"]
[EventCountry "GBR"]
[SourceTitle "BritBase"]
[Source "John Saunders"]
[SourceDate "2025.08.11"]
[SourceVersion "1"]
[SourceVersionDate "2025.08.11"]
[SourceQuality "1"]

1. Nf3 d5 2. g3 Bg4 3. Bg2 Nd7 4. c4 e6 5. Qb3 Nc5 6. Qe3 Nf6 7. cxd5 Nxd5 8. Qd4 Nf6 9. d3 c6 10. Qxd8+ Rxd8 11. h3 Bh5 12. Na3 Bd6 13. Nc4 Be7 14. g4 Bg6 15. Nfe5 O-O 16. h4 h6 17. g5 hxg5 18. hxg5 Nfd7 19. Nxg6 fxg6 20. b4 Na4 21. a3 Kf7 22. Bf4 Rh8 23. Na5 Rxh1+ 24. Bxh1 e5 25. Be3 Rh8 26. Kd2 c5 27. Bd5+ Ke8 28. b5 a6 29. Nxb7 axb5 30. Bc6 Rh5 31. Bxb5 Nab6 32. a4 c4 33. Bxb6 Bxg5+ 34. Be3 Bxe3+ 35. fxe3 Ke7 36. Bxc4 Rh8 37. a5 Ra8 38. a6 Ra7 39. Rf1 Nf6 40. Rg1 1-0

[Event "GBR-ch111 Major Open"]
[Site "Liverpool"]
[Date "2025.08.04"]
[Round "3.6"]
[White "Savage, Andrew"]
[Black "Jaunooby, Ali Reza"]
[Result "0-1"]
[WhiteElo "1950"]
[BlackElo "2082"]
[PlyCount "137"]
[EventDate "2025.08.02"]
[EventType "swiss"]
[EventRounds "9"]
[EventCountry "GBR"]
[SourceTitle "BritBase"]
[Source "John Saunders"]
[SourceDate "2025.08.11"]
[SourceVersion "1"]
[SourceVersionDate "2025.08.11"]
[SourceQuality "1"]

1. e4 d5 2. exd5 Nf6 3. d4 Nxd5 4. Nf3 Bf5 5. a3 e6 6. c4 Nb6 7. Nc3 Be7 8. Be2 O-O 9. O-O Bf6 10. Be3 Nc6 11. h3 Na5 12. g4 Bg6 13. g5 Be7 14. c5 Nbc4 15. Bc1 e5 16. b4 exd4 17. Nxd4 Bxg5 18. bxa5 Nxa5 19. Bb2 Bf4 20. Nf3 Qxd1 21. Raxd1 Bc2 22. Rd4 Bh6 23. Nd5 Nc6 24. Rh4 Rae8 25. Bc4 Be4 26. Rxh6 Bxd5 27. Bxd5 gxh6 28. Bxc6 bxc6 29. Ne5 Re6 30. Rd1 Rfe8 31. f4 f6 32. Ng4 Re1+ 33. Rxe1 Rxe1+ 34. Kf2 Rb1 35. Bxf6 Rb3 36. Nxh6+ Kf8 37. h4 Rxa3 38. Be5 Rh3 39. Nf5 a5 40. Kg2 Rd3 41. Nd4 a4 42. Nxc6 a3 43. Bxc7 a2 44. Be5 Rd5 45. Ba1 Rxc5 46. Ne5 Rc1 47. Bd4 a1=Q 48. Bxa1 Rxa1 49. Kf3 Kg7 50. Kg4 Kf6 51. Nd7+ Kg7 52. Ne5 Rg1+ 53. Kf5 Rg3 54. Ng4 h5 55. Ne5 Rg2 56. Nf3 Rg4 57. Ke5 Rg3 58. Nd4 Ra3 59. f5 Kf7 60. Ne6 Ra5+ 61. Kf4 Kf6 62. Nd4 Ra3 63. Ke4 Rg3 64. Nf3 Rg4+ 65. Ke3 Kxf5 66. Nd4+ Kf6 67. Nf3 Ra4 68. Nd4 Ke5 69. Nc6+ 0-1

[Event "GBR-ch111 Major Open"]
[Site "Liverpool"]
[Date "2025.08.04"]
[Round "3.7"]
[White "Ortiz Sanchez, Luis"]
[Black "Sefton, Adam"]
[Result "1-0"]
[WhiteElo "1908"]
[BlackElo "2074"]
[PlyCount "75"]
[EventDate "2025.08.02"]
[EventType "swiss"]
[EventRounds "9"]
[EventCountry "GBR"]
[SourceTitle "BritBase"]
[Source "John Saunders"]
[SourceDate "2025.08.11"]
[SourceVersion "1"]
[SourceVersionDate "2025.08.11"]
[SourceQuality "1"]

1. e4 e6 2. d4 d5 3. Nc3 dxe4 4. Nxe4 Nf6 5. Bd3 Nbd7 6. Qe2 Nxe4 7. Bxe4 Nf6 8. Bxb7 Rb8 9. Bxc8 Qxc8 10. Nf3 Bd6 11. O-O h6 12. c4 O-O 13. b3 Qb7 14. Ne5 Rbd8 15. h3 Bb4 16. Bb2 c5 17. Rfd1 Ne4 18. Rac1 cxd4 19. Rxd4 Rxd4 20. Bxd4 f5 21. c5 Rc8 22. c6 Qe7 23. Qc4 Bd6 24. Nf3 Kh7 25. Qa6 Qe8 26. a3 e5 27. Nxe5 Rc7 28. Nf3 g5 29. Qb5 Qg6 30. b4 Bf4 31. Rc2 Nd6 32. Qd5 g4 33. Ne5 Qh5 34. Qxd6 Rg7 35. Nxg4 Rxg4 36. Qd7+ Kg8 37. hxg4 Qxg4 38. Qe8+ 1-0

[Event "GBR-ch111 Major Open"]
[Site "Liverpool"]
[Date "2025.08.04"]
[Round "3.8"]
[White "Cancedda-Dupuis, Livio"]
[Black "Buckland, Louis"]
[Result "1-0"]
[WhiteElo "2053"]
[BlackElo "1961"]
[PlyCount "111"]
[EventDate "2025.08.02"]
[EventType "swiss"]
[EventRounds "9"]
[EventCountry "GBR"]
[SourceTitle "BritBase"]
[Source "John Saunders"]
[SourceDate "2025.08.11"]
[SourceVersion "1"]
[SourceVersionDate "2025.08.11"]
[SourceQuality "1"]

1. e4 c6 2. d4 d5 3. Nc3 dxe4 4. Nxe4 Nf6 5. Nxf6+ exf6 6. c3 Bd6 7. Bd3 O-O 8. Ne2 Re8 9. O-O Na6 10. Bf4 Nc7 11. Bxd6 Qxd6 12. Ng3 g6 13. Qd2 Ne6 14. Rfe1 f5 15. Re5 Bd7 16. Rae1 Kh8 17. Bc4 Rad8 18. h4 c5 19. Rd5 Qf8 20. dxc5 Bc6 21. Rd6 Rxd6 22. Qxd6 Qxd6 23. cxd6 b5 24. Bxe6 fxe6 25. Re5 Bd5 26. Ne2 Rd8 27. Nd4 Rxd6 28. Nxb5 Rb6 29. a4 Kg7 30. b4 Kf6 31. f4 a5 32. Re3 Rc6 33. Na3 Be4 34. b5 Rc8 35. c4 e5 36. Rc3 Rc5 37. g3 h6 38. Kf2 g5 39. hxg5+ hxg5 40. Ke3 gxf4+ 41. gxf4 exf4+ 42. Kxf4 Bd5 43. Rh3 Be6 44. Rh6+ Ke7 45. b6 Rc8 46. c5 Bd5 47. Ke5 Bg2 48. Rh7+ Kd8 49. Rh8+ Kd7 50. Rxc8 Kxc8 51. Nc4 Bc6 52. Kxf5 Bxa4 53. Nxa5 Kd7 54. Ke5 Bd1 55. c6+ Kd8 56. Kd6 1-0

[Event "GBR-ch111 Major Open"]
[Site "Liverpool"]
[Date "2025.08.04"]
[Round "3.9"]
[White "Thomas, James"]
[Black "Quaite, Toby"]
[Result "1/2-1/2"]
[WhiteElo "1882"]
[BlackElo "1988"]
[PlyCount "45"]
[EventDate "2025.08.02"]
[EventType "swiss"]
[EventRounds "9"]
[EventCountry "GBR"]
[SourceTitle "BritBase"]
[Source "John Saunders"]
[SourceDate "2025.08.11"]
[SourceVersion "1"]
[SourceVersionDate "2025.08.11"]
[SourceQuality "1"]

1. Nf3 Nf6 2. g3 b5 3. Bg2 Bb7 4. Na3 a6 5. c4 b4 6. Nc2 c5 7. O-O e6 8. d4 cxd4 9. Ncxd4 Be7 10. Qa4 Nc6 11. a3 Nxd4 12. Nxd4 Bxg2 13. Kxg2 bxa3 14. b3 Qb6 15. Nc2 Ne4 16. b4 Nc3 17. Qb3 Bf6 18. Rxa3 Nxe2 19. Qf3 Qc6 20. Be3 Rc8 21. Qxc6 Rxc6 22. Re1 Nc3 23. b5 1/2-1/2

[Event "GBR-ch111 Major Open"]
[Site "Liverpool"]
[Date "2025.08.04"]
[Round "3.10"]
[White "Taylor, Adam A"]
[Black "Ding, Yiwen"]
[Result "1-0"]
[WhiteElo "2279"]
[BlackElo "1844"]
[PlyCount "119"]
[EventDate "2025.08.02"]
[EventType "swiss"]
[EventRounds "9"]
[EventCountry "GBR"]
[SourceTitle "BritBase"]
[Source "John Saunders"]
[SourceDate "2025.08.11"]
[SourceVersion "1"]
[SourceVersionDate "2025.08.11"]
[SourceQuality "1"]

1. Nf3 Nf6 2. g3 b6 3. Bg2 Bb7 4. O-O e6 5. c4 Be7 6. d4 O-O 7. d5 exd5 8. Nd4 Ne4 9. cxd5 Bxd5 10. Nf5 c6 11. Ne3 Nf6 12. Nxd5 Nxd5 13. Bxd5 cxd5 14. Nc3 d4 15. Qxd4 Bf6 16. Qd3 Nc6 17. Bf4 Re8 18. Rac1 Re6 19. Rfd1 h6 20. b3 Na5 21. Nd5 Rc8 22. Nxf6+ Rxf6 23. Rxc8 Qxc8 24. Qxd7 Qxd7 25. Rxd7 Nc6 26. Rb7 Re6 27. Kf1 g5 28. Bd2 Kg7 29. Bc3+ Kg6 30. g4 f6 31. e3 h5 32. h3 hxg4 33. hxg4 Re4 34. Ke2 Rxg4 35. Rc7 Ne5 36. Rxa7 Rg2 37. Rb7 g4 38. Bxe5 fxe5 39. Rxb6+ Kf5 40. Kf1 Rh2 41. Rb8 g3 42. Rf8+ Ke4 43. Ke2 gxf2 44. Rxf2 Rh1 45. Rg2 Rb1 46. Rg4+ Kf5 47. Ra4 e4 48. Kd2 Rg1 49. Ra8 Rg2+ 50. Kc3 Re2 51. Ra5+ Kg4 52. Kd4 Kf3 53. Rf5+ Kg3 54. Kxe4 Rxa2 55. Kd4 Rb2 56. Kc4 Re2 57. b4 Rxe3 58. b5 Re1 59. b6 Rc1+ 60. Kb5 1-0

[Event "GBR-ch111 Major Open"]
[Site "Liverpool"]
[Date "2025.08.04"]
[Round "3.11"]
[White "Nasiri, Fahim"]
[Black "McDonagh, Michael"]
[Result "1-0"]
[WhiteElo "2252"]
[BlackElo "1947"]
[PlyCount "107"]
[EventDate "2025.08.02"]
[EventType "swiss"]
[EventRounds "9"]
[EventCountry "GBR"]
[SourceTitle "BritBase"]
[Source "John Saunders"]
[SourceDate "2025.08.11"]
[SourceVersion "1"]
[SourceVersionDate "2025.08.11"]
[SourceQuality "1"]

1. e4 e6 2. d4 d5 3. Nc3 Nf6 4. e5 Nfd7 5. f4 c5 6. Nf3 Nc6 7. Be3 a6 8. Be2 b5 9. O-O cxd4 10. Nxd4 Nxd4 11. Bxd4 Bc5 12. Bf3 Qb6 13. Ne2 O-O 14. b4 Bxd4+ 15. Nxd4 Bb7 16. Kh1 Rac8 17. Be2 f6 18. f5 exf5 19. Nxf5 Rce8 20. exf6 Nxf6 21. Qd4 Qxd4 22. Nxd4 Ne4 23. Bd3 g6 24. Kg1 Rxf1+ 25. Rxf1 Kg7 26. Nb3 Nc3 27. a3 Ne2+ 28. Bxe2 Rxe2 29. Nd4 Re4 30. c3 Bc8 31. Kf2 Kf6 32. g3 Bd7 33. Rd1 Bg4 34. Ra1 Bd7 35. Rd1 Bg4 36. Rd2 Ke5 37. Ra2 Bd7 38. Rd2 Bg4 39. Rd3 h6 40. Re3 g5 41. Nb3 Kd6 42. Nc5 Rc4 43. Nb3 h5 44. Ke1 h4 45. Kd2 hxg3 46. Rxg3 Rf4 47. Nd4 Be6 48. Rxg5 Rf2+ 49. Ke3 Rxh2 50. Rg6 Rh3+ 51. Kd2 Rh2+ 52. Kd3 Rh3+ 53. Kc2 Re3 54. Nf5+ 1-0

[Event "GBR-ch111 Major Open"]
[Site "Liverpool"]
[Date "2025.08.04"]
[Round "3.12"]
[White "Wall, Tim P"]
[Black "Amoako, Selikem PJ"]
[Result "1-0"]
[WhiteElo "2158"]
[BlackElo "1948"]
[PlyCount "97"]
[EventDate "2025.08.02"]
[EventType "swiss"]
[EventRounds "9"]
[EventCountry "GBR"]
[SourceTitle "BritBase"]
[Source "John Saunders"]
[SourceDate "2025.08.11"]
[SourceVersion "1"]
[SourceVersionDate "2025.08.11"]
[SourceQuality "1"]

1. d4 Nf6 2. Nc3 d5 3. Bf4 a6 4. e3 c5 5. dxc5 Qa5 6. a3 Qxc5 7. Nf3 Nc6 8. h3 e6 9. Bd3 Be7 10. O-O O-O 11. Qe1 b5 12. b4 Qb6 13. e4 d4 14. Ne2 a5 15. Rb1 axb4 16. axb4 Ra4 17. Bd2 e5 18. Ng3 Be6 19. Ng5 Ba2 20. Rb2 h6 21. Nf3 Rfa8 22. Nf5 Bf8 23. Nh2 Be6 24. Ng4 Ne8 25. Qe2 Nc7 26. Rfb1 Ba2 27. Rf1 Be6 28. Qf3 h5 29. Nh2 g6 30. Nh6+ Kg7 31. Rfb1 Ra3 32. g4 h4 33. Nf5+ Kg8 34. Nxh4 R8a4 35. Nf5 Ba2 36. Ra1 Be6 37. Rxa3 Rxa3 38. Nh6+ Bxh6 39. Bxh6 Qa6 40. Rb1 Ra1 41. Qd1 Rxb1 42. Qxb1 Qa4 43. Bd2 Bc4 44. Nf3 Bxd3 45. cxd3 Na6 46. Qc1 Naxb4 47. Qc5 Qd1+ 48. Kg2 Qb3 49. Bh6 1-0